Statistics for Asexual spectrum flags (1)

Click here to take the quiz!

General Stats

  • This quiz has been taken 5 times
  • The average score is 5 of 16

Answer Stats

Answer% Correct
Asexual
100%
Demisexual
80%
Greysexual
60%
Aegosexual
40%
Apothisexual
40%
Cupiosexual
40%
Lithosexual / Akoisexual
40%
Aceflux
20%
Acespike
20%
Orchidsexual
20%
Quoisexual
20%
Reciprosexual
20%
Autosexual
0%
Fraysexual
0%
Myrsexual
0%
Placiosexual
0%

Score Distribution

Percentile by Number Answered

Percent of People with Each Score

Your Score History

You have not taken this quiz